| 000 -LEADER | |
|---|---|
| fixed length control field | 00576nam a22001817a 4500 |
| 005 - DATE AND TIME OF LATEST TRANSACTION | |
| control field | 20251204162051.0 |
| 008 - FIXED-LENGTH DATA ELEMENTS--GENERAL INFORMATION | |
| fixed length control field | 240902b |||||||| |||| 00| 0 eng d |
| 020 ## - INTERNATIONAL STANDARD BOOK NUMBER | |
| ISBN | 978-93-81496-80-0 |
| 041 ## - LANGUAGE CODE | |
| Language code of text/sound track or separate title | eng |
| 082 ## - DEWEY DECIMAL CLASSIFICATION NUMBER | |
| Classification number | 616.075 GOD-M |
| 100 ## - MAIN ENTRY--AUTHOR NAME | |
| Personal name | GODKAR, PRAFUL B. AND GODKAR, DARSHAN .P. |
| 245 ## - TITLE STATEMENT | |
| Title | TEXTBOOK OF MEDICAL LABORATORY TECHNOLOGY:CLINICAL LABORATORY SCIENCE AND MOLECULAR DIAGNOSIS [ VOL-2] |
| 250 ## - EDITION STATEMENT | |
| Edition statement | 4TH ED. 2024 |
| 260 ## - PUBLICATION, DISTRIBUTION, ETC. (IMPRINT) | |
| Place of publication | MUMBAI |
| Name of publisher | BHALANI PUBLISHING HOUSE |
| 300 ## - PHYSICAL DESCRIPTION | |
| Number of Pages | 965-1886;P |
| 650 ## - SUBJECT ADDED ENTRY--TOPICAL TERM | |
| Topical Term | PARAMEDICAL |
| General subdivision | BMLT/BMIRT |
| 942 ## - ADDED ENTRY ELEMENTS (KOHA) | |
| Koha item type | Books |
| Lost status | Damaged status | Collection code | Home library | Current library | Shelving location | Date acquired | Source of acquisition | Cost, normal purchase price | Full call number | Accession Number | Koha item type | Serial Enumeration / chronology |
|---|---|---|---|---|---|---|---|---|---|---|---|---|
| Bachelor of Medical Laboratory Technology | JRU Library | JRU Library | Shelf - 26- C | 30/08/2024 | PURCHASE | 3495.00 | 616.075 | 28411 | Books | |||
| Bachelor of Medical Laboratory Technology | JRU Library | JRU Library | SHELF-106-B | 01/12/2025 | PURCHASE | 3595.00 | 616.075 | 29205 | Books | LBI-000811/28-11-2025 | ||
| Bachelor of Medical Laboratory Technology | JRU Library | JRU Library | SHELF-106-B | 01/12/2025 | PURCHASE | 3595.00 | 616.075 | 29206 | Books | LBI-000811/28-11-2025 | ||
| Bachelor of Medical Laboratory Technology | JRU Library | JRU Library | SHELF-106-B | 01/12/2025 | PURCHASE | 3595.00 | 616.075 | 29207 | Books | LBI-000811/28-11-2025 | ||
| Bachelor of Medical Laboratory Technology | JRU Library | JRU Library | SHELF-106-B | 01/12/2025 | PURCHASE | 3595.00 | 616.075 | 29208 | Books | LBI-000811/28-11-2025 | ||
| Bachelor of Medical Laboratory Technology | JRU Library | JRU Library | SHELF-106-B | 01/12/2025 | PURCHASE | 3595.00 | 616.075 | 29209 | Books | LBI-000811/28-11-2025 |